000
00343nam a2200145Ia 4500
008
230718s9999 xx 000 0 und d
041
_a
Eng.
082
_a
342.72
_b
GRI-A
100
_a
Griffin Stphan
245
0
_a
Americian constitution
260
_a
Pakistan
_b
Peincetion University
_c
1996
300
_a
216
650
_a
Law
999
_c
29972
_d
29972